|
|
|
|
| LEADER |
00000cam a2200000 7i4500 |
| 001 |
0000019263 |
| 005 |
20080616.0 |
| 008 |
080616 |
| 020 |
|
|
|a 9833364012
|
| 090 |
0 |
0 |
|a 332.024
|b AZI
|
| 100 |
0 |
|
|a Azizi Ali
|
| 245 |
1 |
0 |
|a Bagaimana hendak menjadi tuan rumah jutawan
|c Azizi Ali
|
| 260 |
|
|
|a Malaysia :
|b Tru wealth ,
|c 2005
|
| 650 |
|
0 |
|a Finance, personal
|
| 650 |
|
0 |
|a Real estate investment
|
| 999 |
|
|
|a 0000936479
|b Book
|c Adult Collection
|e Cawangan Bandar Tenggara
|
| 999 |
|
|
|a 0001023868
|b Book
|c Adult Collection
|e Perbadanan Perpustakaan Awam Johor
|
| 999 |
|
|
|a 0001023870
|b Book
|c Adult Collection
|e Perbadanan Perpustakaan Awam Johor
|